10 najgorszych państw do życia - Statystyki

Ogólne statystyki
  • Ten quiz został rozwiązany 256 razy
  • Średni wynik to 4 z 10
Statystyki odpowiedzi
pozycja kraj % Poprawnych
2 Korea Północna
79%
5 Chiny
62%
4 Indie
58%
8 Iran
48%
6 Syria
46%
1 Demokratyczna Republika Konga
43%
7 Wenezuela
35%
10 Republika Południowej Afryki
26%
3 Erytrea
22%
9 Serbia
9%
Nie znaleziono quizów pasujących do podanych kryteriów
Rozkład punktacji
Procent ludzi z każdym wynikiem
Percentyl według liczby udzielonych odpowiedzi
Twoja historia wyników
Nie rozwiązałeś tego quizu